000 01337nam a2200241Ia 4500
999 _c49639
_d49639
001 16571
003 GE_BSU
005 20250128120524.0
008 181216s1977||||ge |||||||||||||| ||rus||
040 _cGE_BSU
041 _arus
080 _a821.353.1-32 + 821.353.1-94 Л-47
100 _aЛеонидзе, Георгий
_924151
245 _aВолшебное дерево : Воспоминания детских лет /
_cГеоргий Леонидзе ; Пер. с груз. Элисбара Ананиашвили.
264 _aМосква :
_bСоветский писатель,
_c1977.
300 _a272 стр. ;
_c20 см.
541 _h7ლ.
653 _aВолшебное дерево
653 _aМоей матери; В тени родных деревьев; Волшебное дерево; Наш абрикос; Тагриа; Старая дева; Хведиа; Мельник Ражден; Феодал; Смерть старого пахаря.
653 _aЧирик и Чикотела; Чествование доблестных; Тамада; Тетушка Маико; На деревенской улице; Цицикоре; Марита; Чорехи; Речка Нишардзеули; Чампура; Бунбула
653 _aმოთხრობები
942 _cBK
_2udc